Statistics for US States by Population-1910

Click here to take the quiz!

General Stats

  • This quiz has been taken 361 times
  • The average score is 22 of 46

Answer Stats

PopulationState% Correct
9,113,614New York
100%
7,665,111Pennsylvania
92%
5,638,591Illinois
85%
4,767,121Ohio
83%
3,896,542Texas
81%
3,366,416Massachusetts
68%
2,700,876Indiana
63%
2,810,173Michigan
63%
3,293,335Missouri
63%
2,609,121Georgia
62%
2,377,549California
60%
2,537,167New Jersey
59%
2,206,287North Carolina
51%
2,333,860Wisconsin
51%
2,289,985Kentucky
50%
2,061,712Virginia
50%
145,965Wyoming
50%
81,875Nevada
49%
2,184,789Tennessee
49%
2,138,093Alabama
47%
2,224,771Iowa
46%
2,075,708Minnesota
44%
376,053Montana
42%
1,656,388Louisiana
41%
1,797,114Mississippi
41%
1,690,949Kansas
40%
202,322Delaware
38%
355,956Vermont
38%
325,594Idaho
37%
1,295,346Maryland
37%
577,056North Dakota
37%
1,515,400South Carolina
37%
799,024Colorado
36%
742,371Maine
36%
430,572New Hampshire
36%
672,765Oregon
36%
583,888South Dakota
36%
373,351Utah
36%
1,574,449Arkansas
33%
752,619Florida
33%
1,192,214Nebraska
32%
1,657,155Oklahoma
32%
542,610Rhode Island
32%
1,141,990Washington
32%
1,114,756Connecticut
29%
1,221,119West Virginia
27%

Score Distribution

Percentile by Number Answered

Percent of People with Each Score

Your Score History

You have not taken this quiz